Quantitative data analysis with SPSS 14, 15 & 16: a guide for social scientists (Record no. 79912)
[ view plain ]
| 000 -LEADER | |
|---|---|
| fixed length control field | 00887nam a2200193 a 4500 |
| 008 - FIXED-LENGTH DATA ELEMENTS--GENERAL INFORMATION | |
| fixed length control field | 160722s2009 ||||||||||||||||| || u |
| 020 ## - INTERNATIONAL STANDARD BOOK NUMBER | |
| International Standard Book Number | 9780415440899 |
| 050 ## - LIBRARY OF CONGRESS CALL NUMBER | |
| Classification number | HA 32 Bry |
| 100 ## - MAIN ENTRY--PERSONAL NAME | |
| Personal name | Bryman, Alan |
| 245 10 - TITLE STATEMENT | |
| Title | Quantitative data analysis with SPSS 14, 15 & 16: a guide for social scientists |
| Statement of responsibility, etc. | By Alan Bryman [and] Duncan Cramer |
| 260 ## - PUBLICATION, DISTRIBUTION, ETC. | |
| Place of publication, distribution, etc. | London |
| Name of publisher, distributor, etc. | Routledge |
| Date of publication, distribution, etc. | 2009 |
| 300 ## - PHYSICAL DESCRIPTION | |
| Extent | xxv, 381p.: ill. |
| 350 ## - | |
| -- | 47.50 |
| 650 ## - SUBJECT ADDED ENTRY--TOPICAL TERM | |
| Topical term or geographic name entry element | SOCIAL SCIENCES--STATISTICAL METHODS--COMPUTER PROGRAMS |
| 650 ## - SUBJECT ADDED ENTRY--TOPICAL TERM | |
| Topical term or geographic name entry element | SPSS FOR WINDOWS |
| 700 ## - ADDED ENTRY--PERSONAL NAME | |
| Personal name | Cramer, Duncan |
| 995 ## - | |
| -- | MAIN LIBRARY OPEN ACCESS |
| -- | 746360 |
| -- | CBU-MAIN LIBRARY (Kitwe) |
| -- | 47.50 |
| -- | HA 32 Bry |
| -- | 1 |
| -- | AVAILABLE |
| -- | Aug 3, 2016 |
| -- | 746360 |
| -- | Main Library Open Access Collection |
| 995 ## - | |
| -- | MAIN LIBRARY OPEN ACCESS |
| -- | 746361 |
| -- | CBU-MAIN LIBRARY (Kitwe) |
| -- | 47.50 |
| -- | HA 32 Bry |
| -- | 2 |
| -- | AVAILABLE |
| -- | Aug 3, 2016 |
| -- | 746361 |
| -- | Main Library Open Access Collection |
| 999 ## - | |
| -- | 79912 |
| -- | 79912 |
| Withdrawn status | Lost status | Source of classification or shelving scheme | Damaged status | Not for loan | Permanent Location | Current Location | Shelving location | Date acquired | Total Checkouts | Full call number | Barcode | Date last seen | Copy number | Price effective from | Koha item type |
|---|---|---|---|---|---|---|---|---|---|---|---|---|---|---|---|
| CBU-MAIN LIBRARY, KITWE. | CBU-MAIN LIBRARY, KITWE. | 06/29/2023 | HA 32 Bry | 746360 | 06/29/2023 | 1 | 06/29/2023 | MONOGRAPH | |||||||
| CBU-MAIN LIBRARY, KITWE. | CBU-MAIN LIBRARY, KITWE. | 06/29/2023 | HA 32 Bry | 746361 | 06/29/2023 | 2 | 06/29/2023 | MONOGRAPH |